| 000 | 01289nam a2200277Ia 4500 | ||
|---|---|---|---|
| 003 | OSt | ||
| 005 | 20210917131407.0 | ||
| 008 | 210310s1993 ck ad fr 000 0 spa d | ||
| 020 | _a958935100X | ||
| 040 |
_aCO-JMCR _cCO-JMCR |
||
| 041 | 0 | _aspa | |
| 082 | 0 | 4 |
_a338.9861 / _bB389c _223 |
| 100 | 1 |
_aBecerra B., Manuel Francisco, _917049 _eautor |
|
| 245 | 1 | 0 |
_aColombia : _bestado, crecimiento económico y equidad / _cManuel Francisco Becerra B., Jorge Vivas Reyna, Luis Fernando Medina, [y 1 más] |
| 250 | _aPrimera edición | ||
| 260 |
_a[Bogotá] : _bContraloría General de la República, _c1993 |
||
| 300 |
_aviii, 293 páginas : _bilustraciones y gráficas a blanco y negro ; _c25 cm. |
||
| 500 | _aIncluye notas a pie de página. | ||
| 504 | _aBibliografía: páginas 283-293 | ||
| 505 | 0 | _aEstado, crecimiento económico y equidad -- El marco institucional del crecimiento económico -- Apertura económica y reforma estructural -- El sector real y la nueva estrategia de crecimiento -- Política social, equidad y crecimiento económico | |
| 650 | 1 | 4 |
_aCrecimiento económico _917051 _zColombia |
| 651 | 4 |
_aColombia _xCondiciones económicas _97526 |
|
| 700 | 1 |
_aVivas Reyna, Jorge, _eautor _940619 |
|
| 700 | 1 |
_aFernando Medina, Luis, _eautor _940620 |
|
| 942 |
_2ddc _cBK |
||
| 999 |
_c8362 _d8362 |
||